000 00442nam a2200157Ia 4500
008 160316s2010 xxu||||| |||| 00| 0 eng d
082 _a350.000000
_bARO
100 _aArora Ramesh
245 _aIndian public administration : Institutions and issues
250 _a2nd
260 _aNew Delhi
_bVishwas Prakashan
_c2010
300 _a676p
_b
_cv
365 _b Rs. 235
650 _a1. Public Administration - India
700 _aGoyal Rajni
_a
999 _c26697
_d26697